000 00575nas a2200229 i 4500
001 1350
003 ES-MaACL
005 20250217134148.0
007 t|
008 950801c1966 fr q| | 1 ||re d
080 _a(44)
080 _a80
245 0 0 _aLangages.
260 _a[Paris] :
_bDidier-Larousse,
_c1966-
300 _a10 v. ;
_c23 cm.
310 _aTrimestral
362 0 _aNº 1 (mars 1966)-
650 1 4 _aLingüística. Filología.
_914477
852 _aES-MaACL
_jHEM-H-343
_xHem-1500
_d
866 0 _o(1975f.ene.-may.)1976-89.
999 _c1350
_d1350